College botany (Record no. 11938)

MARC details
000 -LEADER
fixed length control field 00865nam a2200313Ia 4500
003 - CONTROL NUMBER IDENTIFIER
control field OSt
005 - DATE AND TIME OF LATEST TRANSACTION
control field 20220912144545.0
008 - FIXED-LENGTH DATA ELEMENTS--GENERAL INFORMATION
fixed length control field 220909b |||||||| |||| 00| 0 eng d
020 ## - INTERNATIONAL STANDARD BOOK NUMBER
International Standard Book Number 8121906016 (pbk)
020 ## - INTERNATIONAL STANDARD BOOK NUMBER
International Standard Book Number SL0860052
037 ## - SOURCE OF ACQUISITION
Terms of availability Textual
040 ## - CATALOGING SOURCE
Original cataloging agency CSL
Language of cataloging eng
Transcribing agency CSL
041 ## - LANGUAGE CODE
Language code of text/sound track or separate title eng
100 ## - MAIN ENTRY--PERSONAL NAME
Personal name Pandey B P
245 #0 - TITLE STATEMENT
Title College botany
260 ## - PUBLICATION, DISTRIBUTION, ETC.
Place of publication, distribution, etc. New Delhi
Name of publisher, distributor, etc. S Chand & Company Ltd
Date of publication, distribution, etc. 1979
300 ## - PHYSICAL DESCRIPTION
Extent 208p. ill.
500 ## - GENERAL NOTE
General note Glossary 164-170p., 198-203p.; Question bank 171-175p., 204-207p.; Index 208p.; Reprint 2004.; Selected readings 163p.
650 ## - SUBJECT ADDED ENTRY--TOPICAL TERM
Topical term or geographic name entry element Gymnosperms
650 ## - SUBJECT ADDED ENTRY--TOPICAL TERM
Topical term or geographic name entry element Order equisetales
650 ## - SUBJECT ADDED ENTRY--TOPICAL TERM
Topical term or geographic name entry element Palaeobotany
700 ## - ADDED ENTRY--PERSONAL NAME
Personal name Pandey B P
942 ## - ADDED ENTRY ELEMENTS (KOHA)
Classification part I, L9.2
Koha item type Textual
Source of classification or shelving scheme Colon Classification (CC)
Holdings
Withdrawn status Lost status Damaged status Not for loan Home library Current library Date acquired Serial Enumeration / chronology Total Checkouts Full call number Barcode Date last seen Price effective from Koha item type
        Central Science Library Central Science Library 2022-09-12 Vol.2   I L9.2 SL0860052 2022-09-12 2022-09-12 Textual
Copyright @ Delhi University Library System